| 000 | 00627cab a2200205 4500 | ||
|---|---|---|---|
| 001 | ##L135219 | ||
| 008 | 061005n2006 000 0 eng u | ||
| 035 | _a(Sirsi) u135219 | ||
| 041 | 0 | _aeng | |
| 100 | 1 | _aGunn, Malcolm | |
| 245 | 0 | 0 | _aHome sweet home |
| 260 | _c2006 | ||
| 490 | 0 |
_aTaxation _v157(4077)28 September 2006, 708-710(3) |
|
| 520 | _aLooks at the identification of a person's only or main residence for Capital Gains Tax purposes. | ||
| 590 | _aIKA171006 | ||
| 650 | 2 | 4 | _aCAPITAL GAINS TAX |
| 651 | 4 | _aGREAT BRITAIN | |
| 690 | _aPROPERTY-RESIDENTIAL PROPERTY-RESIDENTIAL PROPERTY TAXATION | ||
| 942 | _n0 | ||
| 999 |
_c77832 _d77832 |
||